| 000 | 00726nam a22001817a 4500 | ||
|---|---|---|---|
| 005 | 2012032409299.0 | ||
| 020 |
_c150.00 _a8187110678 |
||
| 035 | _a B-69169 | ||
| 037 |
_b _adpl |
||
| 082 | _a323.34 | ||
| 100 |
_aदेवसरे, विेभा _944250 |
||
| 245 | 1 |
_aस्वागत है बेटी / _cविेभा देवसरे |
|
| 260 |
_aदिल्ली _bमेधा बुक्स _c2002 |
||
| 270 |
_a _b _e _k |
||
| 300 |
_a158पृ. _c22सेमी (सजिल्द) |
||
| 942 |
_adpl _cHN _k _2ddc _h323.34 _mदेवस |
||
| 999 |
_c64349 _d64349 |
||